|
|
|
|
| LEADER |
00000nam0a2200000 4500 |
| 001 |
267260 |
| 005 |
20231101234052.0 |
| 020 |
|
|
|a RU
|b 86-98422
|
| 035 |
|
|
|a (RuTPU)RU\TPU\book\290316
|
| 090 |
|
|
|a 267260
|
| 100 |
|
|
|a 20140725d1986 k a0rusy5003 ca
|
| 101 |
0 |
|
|a rus
|
| 102 |
|
|
|a RU
|
| 105 |
|
|
|a y z 001zy
|
| 200 |
1 |
|
|a Краевая задача Римана с бесконечным индексом
|f Н. В. Говоров
|
| 210 |
|
|
|a Москва
|c Наука
|d 1986
|
| 215 |
|
|
|a 239 с.
|
| 320 |
|
|
|a Библиогр.: с. 233-235 (41 назв.)
|
| 320 |
|
|
|a Указ. обозначений, имен., предм.: с. 236-239.
|
| 606 |
1 |
|
|a Краевые задачи
|2 stltpush
|3 (RuTPU)RU\TPU\subj\71464
|9 85364
|
| 610 |
1 |
|
|a задача Римана
|
| 610 |
1 |
|
|a функции
|
| 610 |
1 |
|
|a полуплоскости
|
| 610 |
1 |
|
|a асимптотические свойства
|
| 675 |
|
|
|a 517.92
|z rus
|
| 700 |
|
1 |
|a Говоров
|b Н. В.
|g Николай Васильевич
|4 070
|
| 801 |
|
0 |
|a RU
|b RuMRKP
|c 19950417
|g psbo
|
| 801 |
|
1 |
|a RU
|b 63413507
|c 20140725
|
| 801 |
|
2 |
|a RU
|b 63413507
|c 20151102
|g RCR
|
| 942 |
|
|
|c BK
|